000
00296nam a22001337a 4500
008
171107b xxu||||| |||| 00| 0 eng d
020
_a
0131797395
041
_a
eng
080
_2
4TH
_a
330.722.6
100
_a
62
101
_a
KON
245
_a
COST ACCOUNTING
_c
HORNGREN,CH,T
942
_2
udc
_c
BK
999
_c
38006
_d
38006